| 000 | 00917cam a2200337 4500 | ||
|---|---|---|---|
| 001 | A165 | ||
| 008 | 090401t1992 xxu||||| |||| 00| 0 eng d | ||
| 035 | _a(Sirsi) u95264 | ||
| 041 | _aeng | ||
| 110 |
_aRoyal Institution of Chartered Surveyors _94900 |
||
| 245 | _aProposals for 1993 Finance Bill | ||
| 260 |
_bRICS _c1992 |
||
| 300 | _a12p | ||
| 350 | _a3 | ||
| 490 |
_aRICS Memorandum _vGCPPA/Report(92)22 |
||
| 520 | _aMakes recommendations for tax changes for the 1993 Finance Bill. | ||
| 650 | _aCAPITAL ALLOWANCES | ||
| 650 | _aCPD | ||
| 650 | _aDEPRECIATION ALLOWANCE | ||
| 650 | _aEMPTY RATES | ||
| 650 | _aFINANCE BILL 1993 | ||
| 650 | _aLISTED BUILDINGS | ||
| 650 | _aLIVING OVER THE SHOP | ||
| 650 | _aRUN-OFF PREMIUMS | ||
| 650 | _aSINGLE PROPERTY OWNERSHIP TRUSTS | ||
| 650 | _aSTAMP DUTY | ||
| 650 | _aTAX RELIEF | ||
| 690 | _aTAXATION | ||
| 942 | _n0 | ||
| 948 | _c04/03/1997 | ||
| 999 |
_c98381 _d98381 |
||